Wirtschaftliche Aspekte Japans und Deutschlands im Vergleich

Gespeichert in:
Bibliographische Detailangaben
Weitere Verfasser: Löwenbein, Oded, Folker, Roland
Format: Buch
Sprache:Deutsch
Veröffentlicht: Wiesbaden Deutscher Universitäts Verlag 1996
Ausgabe:1. Aufl.
Schriftenreihe:Gabler Edition Wissenschaft
Schlagworte:
Tags: Tag hinzufügen
Keine Tags, Fügen Sie das erste Tag hinzu!

MARC

LEADER 00000nam a2200000 4500
001 c017668
005 20221214072348.3
020 |a 3-8244-6379-2 
041 0 |a ger 
044 |a DE 
245 1 0 |a Wirtschaftliche Aspekte Japans und Deutschlands im Vergleich  |c Edit. Oded Löwenbein, Roland Folker 
250 |a 1. Aufl. 
264 1 |a Wiesbaden  |b Deutscher Universitäts Verlag  |c 1996 
300 |a 164 s. 
490 1 |a Gabler Edition Wissenschaft 
830 0 |a Gabler Edition Wissenschaft 
610 2 0 |a hospodárstvo národné 
610 2 0 |a porovnanie medzinárodné 
610 2 0 |a podnik 
610 2 0 |a zvyklosti obchodné 
610 2 0 |a výskum trhu 
610 2 0 |a obchod 
610 2 0 |a produkcia 
610 2 0 |a komunikácia 
610 2 0 |a politika podnikania 
610 2 0 |a nákup 
610 2 0 |a odbyt 
610 2 0 |a výrobky 
610 2 0 |a manažment 
610 2 0 |a Japonsko 
610 2 0 |a Nemecko 
700 1 |a Löwenbein, Oded 
700 1 |a Folker, Roland